000 00867cam a22001814a 4500
005 20250605164141.0
008 250528s ||||||||||||||||||||||||d
035 _a18985
040 _aGR-AtMCL
_bgre
_dGR-AtMCL
_eAACR2
245 1 _aΙστορία της Τέχνης στην Ελλάδα / Ζωγραφική και Γλυπτική του 20ού Αιώνα
300 _a402
520 _aΠρόλογος - Ευχαριστίες, Εισαγωγή: Από το 19ο στον 20ο Αιώνα, 1900-1922, Η Τέχνη στο Μεσσοπόλεμο (19922-1945), Η Μεταπολεμική Τέχνη (1945-1960), Τα Κρίσιμα Χρόνια (1960-1980), Στο Γύρισμα του Αιώνα (1980-1999).
700 1 _aΠαπανικολαου Μιλτιαδης Μ
_95263
942 _cBK
260 _bΑδαμ
999 _c4277
_d4277